000 00445nam a2200181Ia 4500
003 GCL
008 140319s9999 xx 000 0 eng d
040 _aGCL /
_cGCL
082 0 4 _a959
_bS S
100 1 _aSARDESAI, D. R
245 1 0 _aSOUTHEAT ASIA PAST AND PRESENT /
_cSARDESAI, D. R
260 _a[S.N] :
_bWESTVIEW PRESS ،
_c1994
300 _a380 P
650 0 4 _aASIA
650 0 4 _aHISTORY
650 0 4 _aSOUTHEASTERN
942 _2ddc
_cBK
999 _c10476
_d10476